| 000 | 00608nam a2200205 i 4500 | ||
|---|---|---|---|
| 001 | 100494 | ||
| 003 | ES-MaACL | ||
| 005 | 20230906182703.0 | ||
| 007 | t| | ||
| 008 | 050928q1952 zzz ||||1| spa d | ||
| 100 | 1 |
_aMassia, Antoine. _978812 |
|
| 245 | 1 | 4 |
_aLos semidioses / _cpor A. Massia; [versión castellana Ildefonso Balsain]. |
| 260 |
_a[s.l. : _bs.n., _c1952?] |
||
| 300 |
_a344 p., 4 h. con 1 lám. ret. aut. ; _c19 cm. |
||
| 490 | 1 |
_aLa nave ; _v9 |
|
| 700 | 1 |
_aBalsain, Ildefonso. _925106 |
|
| 830 | 0 |
_aLa nave ; _v9 _9182879 |
|
| 852 |
_aES-MaACL _jD-8913 _bR.34264 |
||
| 999 |
_c100494 _d100494 |
||